| 000 | 01370namaa22003131i 4500 | ||
|---|---|---|---|
| 005 | 20260503124830.0 | ||
| 008 | 260407s1995 ua a|||fr|m|| 000 0 eng d | ||
| 040 |
_aEG-GICUC _beng _cEG-GICUC _dEG-GICUC _erda |
||
| 041 | 0 |
_aeng _beng _bara |
|
| 049 | _aDeposit | ||
| 097 | _aM.Sc | ||
| 099 | _aCai01.10.16.M.Sc.1995.Am.S | ||
| 100 | 0 |
_aAmani Rezk Alla Ghali , _epreparation. |
|
| 245 | 1 | 0 |
_aStudies on the effect of some antibodies on testicular parameters in albino rats / _cBy Amani Rezk Alla Ghali ; Supervised by Prof.Dr. Ali Abd El Maksoud Farahat, Prof.Dr. Mohamed Younis Mohamed |
| 246 | 1 | 5 | _aدراسات عن تأثير بعض الاجسام المناعية على مؤشرات الخصية فى الفئران البيضاء |
| 264 | 0 | _c1995. | |
| 300 |
_a107 Leaves : _billustrations ; _c30 cm. + |
||
| 336 |
_2rda content _atext |
||
| 337 |
_2rdamedia _aUnmediated |
||
| 338 |
_2rdacarrier _avolume |
||
| 502 | _aThesis (M.Sc.) -Cairo University, 1995 | ||
| 504 | _aBibliography: pages 67 : 107 | ||
| 653 | 0 |
_aalbino rats _aphysiology |
|
| 700 | 0 |
_aAli Abd El Maksoud Farahat _ethesis advisor. |
|
| 700 | 0 |
_aMohamed Younis Mohamed _ethesis advisor. |
|
| 900 |
_DDepartment of Physiology _FFaculty of Medicine _UCairo University _b1995 _cAli Abd El Maksoud Farahat _cMohamed Younis Mohamed |
||
| 905 |
_aNagat _eNourhan |
||
| 942 |
_2ddc _cTH _e21 _n0 |
||
| 999 | _c179260 | ||